| 000 | 00709nam a2200169 i 4500 | ||
|---|---|---|---|
| 001 | 161655 | ||
| 003 | ES-MaACL | ||
| 005 | 20230906212331.0 | ||
| 008 | 041022s1855 sp |||| | spa d | ||
| 100 | 1 |
_aPellón y Rodríguez, Julián. _9223517 |
|
| 245 | 1 | 0 |
_aProyecto de arreglo del Ministerio de Fomento, presentado al Excmo. Sr. Ministro del ramo / _cpor Julián Pellón y Rodríguez. |
| 260 |
_aMadrid : _b[s.n.], _c1855 ( _fImp. del Agente Industrial Minero, a cargo de Vicente Maldonado) |
||
| 300 |
_a16 p. ; _c22 cm. |
||
| 610 | 1 | 4 |
_aEspaña. _bMinisterio de Fomento. _93868 |
| 852 |
_aES-MaACL _jT-547-F-7 _z- Enc. hol. _q- Falto de cub. original _z- Enc. en un vol. facticio |
||
| 999 |
_c161655 _d161655 |
||